000 00440nam a2200145Ia 4500
008 100204s9999 xx 000 0 und d
082 _b18185
100 _aराजे नयना
245 _aअनोख्या वाटा
260 _bनवचैतन्य प्रकाशन
_c1995
300 _a191
630 _aअनोख्या वाटा
730 _aअनोख्या वाटा
942 _cBOOK
999 _c462608
_d462605